| 000 | 00433nam a2200133Ia 4500 | ||
|---|---|---|---|
| 003 | GCL | ||
| 008 | 140319s9999 xx 000 0 ara d | ||
| 040 |
_aGCL / _cGCL |
||
| 082 | 0 | 4 |
_a418.2461 _bن ت |
| 100 | 1 | _aنخبة من الاساتذة | |
| 245 | 1 | 0 |
_aتعليم العربية للاسبان / _cنخبة من الاساتذة |
| 300 | _a135 ص | ||
| 490 |
_aسلسلة تعليم اللغات الميسرة بدون معلم _v0 |
||
| 999 |
_c48258 _d48258 |
||